Cuenta del 1 al 10 en Europa (pro) - Estadísticas

Estadísticas generales
  • Esta prueba ha sido intentada 4.274 veces
  • La puntuación promedio es 33 de 80
Estadísticas de respuestas
Lenguaje # Respuesta % Correcto
Inglés 1 One
99%
Inglés 2 Two
98%
Inglés 5 Five
97%
Inglés 4 Four
97%
Inglés 7 Seven
97%
Inglés 6 Six
97%
Francés 6 Six
97%
Inglés 3 Three
97%
Francés 1 Un
97%
Inglés 8 Eight
96%
Inglés 9 Nine
96%
Inglés 10 Ten
96%
Italiano 3 Tre
87%
Sueco 3 Tre
87%
Italiano 1 Uno
83%
Francés 5 Cinq
74%
Italiano 6 Sei
74%
Francés 4 Quatre
67%
Francés 3 Trois
67%
Francés 2 Deux
66%
Italiano 2 Due
64%
Francés 10 Dix
62%
Francés 7 Sept
62%
Francés 9 Neuf
60%
Portugués 5 Cinco
59%
Francés 8 Huit
59%
Italiano 9 Nove
54%
Portugués 9 Nove
54%
Portugués 6 Seis
51%
Italiano 5 Cinque
50%
Portugués 7 Sete
50%
Portugués 3 Três
50%
Italiano 8 Otto
47%
Portugués 4 Quatro
47%
Italiano 7 Sette
42%
Portugués 2 Dois
37%
Alemán 3 Drei
36%
Alemán 1 Eins
36%
Alemán 5 Fünf
35%
Alemán 2 Zwei
35%
Italiano 4 Quattro
34%
Alemán 8 Acht
31%
Neerlandés 8 Acht
31%
Italiano 10 Dieci
30%
Alemán 4 Vier
30%
Neerlandés 4 Vier
30%
Alemán 9 Neun
29%
Portugués 8 Oito
29%
Alemán 7 Sieben
29%
Portugués 10 Dez
28%
Alemán 6 Sechs
28%
Alemán 10 Zehn
27%
Portugués 1 Um
26%
Sueco 6 Sex
19%
Sueco 1 En
14%
Neerlandés 1 Een
10%
Neerlandés 3 Drie
9%
Polaco 2 Dwa
9%
Polaco 1 Jeden
9%
Neerlandés 2 Twee
9%
Polaco 3 Trzy
8%
Neerlandés 7 Zeven
8%
Polaco 4 Cztery
7%
Sueco 5 Fem
7%
Neerlandés 9 Negen
7%
Polaco 8 Osiem
7%
Polaco 5 Pięć
7%
Polaco 7 Siedem
7%
Neerlandés 10 Tien
7%
Neerlandés 5 Vijf
7%
Neerlandés 6 Zes
7%
Polaco 10 Dziesięć
6%
Polaco 9 Dziewięć
6%
Sueco 4 Fyra
6%
Sueco 9 Nio
6%
Sueco 7 Sju
6%
Polaco 6 Sześć
6%
Sueco 2 Två
6%
Sueco 8 Åtta
5%
Sueco 10 Tio
5%
No se encontraron pruebas coincidentes
Distribución de puntuación
Porcentaje de gente con cada puntuación
Porcentaje por número respondido
Historial de tus puntuaciones
No has intentado esta prueba.